|
|
|
|
| LEADER |
00000nam0a2200000 4500 |
| 001 |
266316 |
| 005 |
20231101234006.0 |
| 035 |
|
|
|a (RuTPU)RU\TPU\book\289335
|
| 090 |
|
|
|a 266316
|
| 100 |
|
|
|a 20140707d1986 m y0rusy50 ca
|
| 101 |
0 |
|
|a rus
|
| 102 |
|
|
|a RU
|
| 105 |
|
|
|a a z 001zy
|
| 200 |
1 |
|
|a Рождение машин
|f Л. И. Михелев
|
| 210 |
|
|
|a Москва
|c Машиностроение
|d 1986
|
| 215 |
|
|
|a 144 с.
|c ил.
|
| 225 |
1 |
|
|a Кем быть?
|
| 320 |
|
|
|a Библиогр.: с. 140.
|
| 606 |
1 |
|
|a Металлорежущие станки
|2 stltpush
|3 (RuTPU)RU\TPU\subj\42570
|9 62229
|
| 610 |
1 |
|
|a машины
|
| 610 |
1 |
|
|a станки
|
| 610 |
1 |
|
|a механосборочное производство
|
| 610 |
1 |
|
|a станки с ЧПУ
|
| 675 |
|
|
|a 621.9.06.002
|v 3
|
| 700 |
|
1 |
|a Михелев
|b Л. И.
|g Леонид Ильич
|
| 801 |
|
1 |
|a RU
|b 63413507
|c 20140707
|
| 801 |
|
2 |
|a RU
|b 63413507
|c 20151028
|g RCR
|
| 942 |
|
|
|c BK
|